[Event "GER-ch Youth U12 2020"]
[Site "Willingen"]
[Date "2020.10.31"]
[Round "7.28"]
[White "Bondarcuks, Timurs"]
[Black "Ivanov, Alexander"]
[Result "1-0"]
[WhiteElo "1198"]
[BlackElo "2469"]
[Annotator "TA"]
[PlyCount "59"]
[EventDate "2020.10.27"]
[EventType "swiss"]
[EventRounds "7"]
[EventCountry "GER"]
[SourceTitle "playchess.com"]
[Source "ChessBase"]
[SourceQuality "1"]

{[%evp 10,59,30,22,76,72,102,77,87,77,52,61,105,114,131,150,364,299,355,348,473,258,265,266,293,278,346,345,352,355,336,295,292,277,406,286,382,381,523,479,516,525,549,543,622,647,1106,874,846,842,949,934]} 1. c4 {Von Gottschall,H} f5 2. Nc3 Nf6 3. g3 e6 4. Bg2 Be7 5. e3 O-O 6. Nge2 c5 {A10: English Opening: Unusual Replies for Black.} (6... d5 $11 {remains equal.}) 7. O-O $16 a6 {[#]} 8. Nf4 $146 ({Predecessor:} 8. d4 Qc7 9. d5 e5 10. b3 d6 11. Qc2 g6 12. e4 Rf7 13. Bd2 fxe4 14. Nxe4 Nxe4 15. Bxe4 {1-0 (30) Paulsen,W-Anderssen,A Frankfurt 1878 EXT 2002 [Von Gottschall,H]}) 8... Qc7 {White is better.} 9. d3 Nc6 10. d4 cxd4 11. exd4 Rd8 12. Re1 Kf7 $2 {This costs Black the game.} (12... Rb8 $16 13. c5 g5) 13. d5 Na7 14. Qe2 e5 {[#]} 15. Qxe5 (15. d6 $142 $1 {[%mdl 512]} Qxd6 16. Rd1 (16. Qxe5 Qxe5 17. Rxe5 Nc6 $16)) 15... Qxe5 $18 16. Rxe5 g6 17. Re2 Bb4 18. Bd2 Re8 19. Rxe8 Nxe8 20. a3 Bxc3 21. Bxc3 Nd6 (21... g5 {might work better.} 22. Nd3 d6) 22. b3 b6 23. Be5 Ke7 24. Re1 {White is clearly winning.} Bb7 25. Bd4+ Kf7 26. Bxb6 g5 27. Nd3 Kg7 28. Bxa7 Rxa7 29. Re7+ {[%mdl 64] [#] Double Attack} Kh6 30. Rxd7 {Av CentiPawn Loss W=-32/B=-72. Weighted=-43/-93} 1-0